000 01045nam a2200265 a 4500
001 000025426
005 20200930023759.0
008 110216s2006 dr a 000 0 spa d
020 _a9945160400
040 _aDO-SdBNP
_bspa
_cBNPHU
082 _a305.23
_bC745s
245 0 4 _aLas condiciones socioeconómicas y culturales de los niños y las niñas en el suroeste de la República Dominicana /
_cAlicia Ziffer ... [et al.].
260 _aSanto Domingo :
_bFLACSO,
_c2006.
300 _a110 P. ;
_c22 cm.
490 1 _aInvestigaciones educativas del contexto rural
590 _aInventariado, 2018/VM
650 4 _aNiños
_xCondiciones sociales
_xRepública dominicana
_952028
650 4 _aEconomia doméstica rural
_zRepública Dominicana
_952029
651 4 _aRepública Dominicana
_xCondiciones Sociales
_946
700 1 2 _aZiffer, Alicia
_917496
710 2 _aFacultad Latinoamericana de Ciencias
_952030
830 0 _aInvestigaciones educativas del contexto rural
_952031
910 _aValidado. Control de calidad MFF
049 _aBNPD
999 _c24918
_d24918